Nová migračná situácia v Slovenskej republike

Migrácia obyvateľstva patrí medzi tie demografické javy, v ktorých sa dôsledky politických, ekonomických a sociálnych zmien prejavili najvýraznejšie. Zahraničná migrácia bez ČR. Pohyb obyvateľstva medzi SR a ČR - od r. 1993 medzinárodná migrácia. Vnútorná migrácia v Slovenskej republike.

Uložené v:
Podrobná bibliografia
Hlavný autor: Jurčová, Danuša
Médium: Kapitola
Jazyk:Slovak
Predmet:
Tagy: Pridať tag
Žiadne tagy, Buďte prvý, kto otaguje tento záznam!

MARC

LEADER 00000naa a2200000 4500
001 r023098
005 20230918115728.1
041 0 |a slo 
044 |a CZ 
245 1 0 |a Nová migračná situácia v Slovenskej republike  |c D. Jurčová 
520 |a Migrácia obyvateľstva patrí medzi tie demografické javy, v ktorých sa dôsledky politických, ekonomických a sociálnych zmien prejavili najvýraznejšie. Zahraničná migrácia bez ČR. Pohyb obyvateľstva medzi SR a ČR - od r. 1993 medzinárodná migrácia. Vnútorná migrácia v Slovenskej republike. 
610 2 0 |a migrácia 
610 2 0 |a Slovensko 
610 2 0 |a prírastok obyvateľstva 
610 2 0 |a Česko 
610 2 0 |a pohyb síl pracovných medzinárodný 
610 2 0 |a 1980-1989 
610 2 0 |a 1990-1993 
100 1 |a Jurčová, Danuša